000 00631nam a2200241Ia 4500
003 OSt
005 20221006144500.0
006 a|||||r|||| 00| 0
007 ta
008 221006b |||||||| |||| 00| 0 eng d
020 _c7.50
024 _a11,762
037 _cTextual
040 _aEASL
_cEASL
_beng
041 _2eng
_aeng
082 _aV41:192.N62, K3
100 _aJohri Sita Ram
_9135918
245 0 _aIndia accepts China's challenge
260 _aLucknow
_bHimalaya Pub.
_c1963
300 _a326p.
_ccm.
942 _hV41:192.N62, K3
_cTEXL
_2CC
999 _c1079848
_d1079848